000 00986nam a2200265Ia 4500
003 OSt
005 20220923211432.0
006 a|||||r|||| 00| 0
007 ta
008 220922b |||||||| |||| 00| 0 hin d
020 _a9789350001486 (hbk)
_c150
024 _a240,874
037 _b447, 18/02/2010, Vani Prakashan
_cTextual
040 _aARTS
_cARTS
_bhin
041 _2hin
_ahin
082 _aO168,3N12x, 152P9
100 _aमंटो; ज़ौक़ी, मुशर्रफ़ आलम, संपा.
_9160475
245 0 _aमिस टीन वाला
246 _aMis ṭīn vālā
260 _aनयी दिल्ली
_b वाणी प्रकाशन
_c2009
300 _a103पृ.
_ccm.
490 _aमंटो अब तक; 7
942 _hO168,3N12x, 152P9
_cTEXL
_2CC
999 _c299484
_d299484